| 000 | 00383nam a2200181Ia 4500 | ||
|---|---|---|---|
| 005 | 20240823055617.0 | ||
| 008 | 240823s9999||||xx |||||||||||||| ||und|| | ||
| 041 | _aENGLISH | ||
| 082 | _A515 P3 | ||
| 100 | _aRusey P W | ||
| 245 | 0 | _aDynamics | |
| 250 | _a1st | ||
| 260 |
_c2003 _bSource |
||
| 500 | _aYES | ||
| 650 |
_aDynamics _bMechanical |
||
| 942 | _cBK | ||
| 999 |
_c229194 _d229194 |
||